|
|
|
|
| LEADER |
01009nam a22002297a 4500 |
| 003 |
Ost |
| 005 |
20180504212332.0 |
| 008 |
180504b xxu||||| |||| 00| 0 eng d |
| 999 |
|
|
|c 11275
|d 11275
|
| 020 |
|
|
|a 9788131253595
|
| 082 |
|
|
|a 340
|b GAU'18
|
| 100 |
|
|
|9 433
|a Gaurav Mehta
|
| 245 |
|
|
|a Guide to LL. M. entrance examination /
|c Gaurav Mehta.
|
| 246 |
|
|
|a Universal's Guide to LL. M. entrance examination
|
| 250 |
|
|
|a 6th ed.
|
| 260 |
|
|
|a Gurgaon :
|b LexisNexis,
|c 2018.
|
| 300 |
|
|
|a 948 p.
|
| 650 |
|
0 |
|9 432
|a Competitive exam guide
|
| 942 |
|
|
|2 ddc
|c REF
|
| 952 |
|
|
|0 0
|1 0
|2 ddc
|4 0
|6 340_000000000000000_GAU18
|7 0
|8 REF
|9 21861
|a NUALS
|b NUALS
|c REF
|d 2018-05-04
|l 0
|o 340 GAU'18
|p 15602
|r 2018-05-04
|w 2018-05-04
|y REF
|
| 952 |
|
|
|0 0
|1 0
|2 ddc
|4 0
|6 340_000000000000000_GAU181
|7 0
|8 REF
|9 21878
|a NUALS
|b NUALS
|c REF
|d 2018-05-05
|l 0
|o 340 GAU'18;1
|p 15603
|r 2018-05-05
|w 2018-05-05
|y REF
|
| 952 |
|
|
|0 0
|1 0
|2 ddc
|4 0
|6 340_000000000000000_GAU182
|7 0
|8 REF
|9 21879
|a NUALS
|b NUALS
|c REF
|d 2018-05-05
|l 0
|o 340 GAU'18;2
|p 15601
|r 2018-05-05
|w 2018-05-05
|y REF
|